000 00608nam a2200205Ia 4500
003 OSt
005 20200825131713.0
008 190216s9999||||xx |||||||||||||| ||und||
020 _a0074620258
020 _a9780074620250
040 _coclc
082 _a535.84
_bBAN/F
100 _aBanwell, Colin N
_94339
245 0 _aFundamentals Of Molecular Spectroscopy /
_cColin N Banwell ; Elaine M Mccash
250 _a4th Ed.
260 _bTata Mcgrawhill Publishers,
_c1994.
_aNew Delhi:
300 _a308p
650 _aPhysics
942 _cBK
_2ddc
_h535.84
_iBAN/F
_k535.84
_mBAN/F
999 _c32886
_d32886